| 000 | 01488nam a22003137a 4500 | ||
|---|---|---|---|
| 003 | EG-ScBUE | ||
| 005 | 20220720104829.0 | ||
| 008 | 220720s2017 ua f b 000 0 ara d | ||
| 017 | _a2017 / 17389 | ||
| 020 | _a9789779048802 | ||
| 040 |
_aEG-ScBUE _bara _erda _cEG-ScBUE _dEG-ScBUE |
||
| 082 | 0 | 4 |
_222 _a020.9927016 _bع ب د |
| 100 | 1 |
_aعبد الهادي، محمد فتحي، _d1943- _eمؤلف. |
|
| 245 | 1 | 2 |
_aالإنتاج الفكري العربي في مجال المكتبات و المعلومات، 2012-2015 م / _cأ. د. محمد فتحي عبد الهادي.، أستاذ علم المعلومات، كلية الآداب، جامعة القاهرة. |
| 264 | 1 |
_a[القاهرة] : _bالاتحاد العربي للمكتبات والمعلومات (اعلم)، _c2017. |
|
| 300 |
_a763 صفحة ؛ _c28 سم |
||
| 336 |
_2rdacontent _aنص _btxt |
||
| 337 |
_2rdamedia _aبدون وسيط _bn |
||
| 338 |
_2rdacarrier _aمجلد _bnc |
||
| 504 | _aيشتمل على إرجاعات ببليوجرافية وكشافات. | ||
| 541 |
_cإهداء ؛ _aطارق محرم. |
||
| 650 | 7 |
_aالمكتبات _vببليوجرافيات. _2BUEsh |
|
| 650 | 7 |
_aالمعلومات _vببليوجرافيات. _2BUEsh |
|
| 650 | 7 |
_aالمكتبات، علم _vببليوجرافيات. _2BUEsh |
|
| 650 | 7 |
_aالمعلومات، علم _vببليوجرافيات. _2BUEsh |
|
| 653 |
_bGGEN _cJuly2022 |
||
| 655 |
_vReading book _934232 |
||
| 942 | _2ddc | ||
| 999 |
_c29895 _d29866 |
||